Human resource and personnel management / (Record no. 5239)
[ view plain ]
| 000 -LEADER | |
|---|---|
| fixed length control field | 00531cam a2200181 4500 |
| 001 - CONTROL NUMBER | |
| control field | 6200 |
| 005 - DATE AND TIME OF LATEST TRANSACTION | |
| control field | 20181127181141.0 |
| 010 ## - LIBRARY OF CONGRESS CONTROL NUMBER | |
| LC control number | 99015314 |
| 020 ## - INTERNATIONAL STANDARD BOOK NUMBER | |
| International Standard Book Number | 0074635042 |
| 100 ## - MAIN ENTRY--PERSONAL NAME | |
| Personal name | Aswathappa, K. |
| Numeration | |
| Titles and words associated with a name | |
| Dates associated with a name | |
| Relator term | |
| Fuller form of name | |
| 245 10 - TITLE STATEMENT | |
| Title | Human resource and personnel management / |
| Statement of responsibility, etc. | K Aswathappa. |
| 250 ## - EDITION STATEMENT | |
| Edition statement | 2nd ed. |
| 260 ## - PUBLICATION, DISTRIBUTION, ETC. | |
| Place of publication, distribution, etc. | New Delhi : |
| Name of publisher, distributor, etc. | Tata McGraw-Hill., |
| Date of publication, distribution, etc. | 2000. |
| 504 ## - BIBLIOGRAPHY, ETC. NOTE | |
| Bibliography, etc. note | Includes bibliographical references and indexes. |
| 650 #0 - SUBJECT ADDED ENTRY--TOPICAL TERM | |
| Topical term or geographic name entry element | Personnel management. |
| 700 1# - ADDED ENTRY--PERSONAL NAME | |
| Personal name | Jackson, John Harold. |
| Withdrawn status | Lost status | Source of classification or shelving scheme | Damaged status | Not for loan | Collection code | Home library | Current library | Shelving location | Date acquired | Serial Enumeration / chronology | Inventory number | Total Checkouts | Total Renewals | Full call number | Barcode | Date last seen | Date last checked out | Price effective from | Koha item type |
|---|---|---|---|---|---|---|---|---|---|---|---|---|---|---|---|---|---|---|---|
| Dewey Decimal Classification | Main TEST | RTC Library | RTC Library | Main opac | 01/03/2021 | 9883 | 2 | 2 | 658.3 ASW | 30010025 | 25/03/2024 | 11/03/2024 | 27/11/2018 | Main |